=LDR 00000nam 2200000 4500 =001 INLIS000000000032805 =005 20130612134809 =008 ***********************************ind** =035 ##$$0010-061300000032805 =041 ##$$a ind =082 ##$$a 381.1 =090 ##$$a 381.1, Kar l =100 ##$$a Kartono, Salim =245 ##$$a 5 Jurus Sukses Berbisnis Retail di Modern Market, Salim Kartono; Penyunting, Rani Andriani Koswara =260 ##$$a 2007 $b Jakarta =300 ##$$a xiv,167 hlm., Ilus., 23 cm =650 ##$$a Perdagangan Eceran =700 ##$$a Koswara, Rani Andriani =850 ##$$a NBPNMAT =990 ##$$a 0001/BPAP-NTB/20142014 =990 ##$$a 0001/BPAP-NTB/2015 =990 ##$$a 0001/BPAP-NTB/2016